Iconografía de Sor María de Agreda : (Record no. 67394)
[ view plain ]
| 000 -LEADER | |
|---|---|
| campo de control de longitud fija | 00909nam a2200229 i 4500 |
| 001 - NÚMERO DE CONTROL | |
| campo de control | 67394 |
| 003 - IDENTIFICADOR DE NÚMERO DE CONTROL | |
| campo de control | ES-MaACL |
| 005 - FECHA Y HORA DE LA ÚLTIMA TRANSACCIÓN | |
| campo de control | 20260201170820.0 |
| 007 - CAMPO FIJO DE DESCRIPCIÓN FÍSICA--INFORMACIÓN GENERAL | |
| campo de control de longitud fija | t| |
| 008 - DATOS DE LONGITUD FIJA--INFORMACIÓN GENERAL | |
| campo de control de longitud fija | 040524s2003 sp ||||1| spa d |
| 080 ## - NÚMERO DE LA CLASIFICACIÓN DECIMAL UNIVERSAL | |
| Número de la Clasificación Decimal Universal | 929 María de Jesús Ágreda (0:7) |
| 080 ## - NÚMERO DE LA CLASIFICACIÓN DECIMAL UNIVERSAL | |
| Número de la Clasificación Decimal Universal | 7.034/.035 |
| 100 1# - ENTRADA PRINCIPAL--NOMBRE DE PERSONA | |
| Nombre de persona | Fernández Gracia, Ricardo. |
| 9 (RLIN) | 49835 |
| 245 10 - MENCIÓN DEL TÍTULO | |
| Título | Iconografía de Sor María de Agreda : |
| Resto del título | imágenes para la mística y la escritora en el contexto del maravillosismo del Barroco / |
| Mención de responsabilidad, etc. | Ricardo Fernández Gracia. |
| 260 ## - PUBLICACIÓN, DISTRIBUCIÓN, ETC. | |
| Lugar de publicación, distribución, etc. | [Pamplona?] : |
| Nombre del editor, distribuidor, etc. | Comité Organizador del IV Centenario del Nacimiento de Sor María Jesús de Ágreda, |
| Fecha de publicación, distribución, etc. | [2003] |
| 300 ## - DESCRIPCIÓN FÍSICA | |
| Extensión | 230 p. : |
| Otras características físicas | il. col. y n. ; |
| Dimensiones | 30 cm. |
| 504 ## - NOTA DE BIBLIOGRAFÍA, ETC. | |
| Nota de bibliografía, etc. | Bibliografía: p. 221-230. |
| 600 04 - PUNTO DE ACCESO ADICIONAL DE MATERIA--NOMBRE DE PERSONA | |
| Nombre de persona | María de Jesús de Agreda, |
| Fechas asociadas al nombre | 1602-1665- |
| Subdivisión general | Iconografía |
| 9 (RLIN) | 76661 |
| 650 #4 - PUNTO DE ACCESO ADICIONAL DE MATERIA--TÉRMINO DE MATERIA | |
| Término de materia o nombre geográfico como elemento de entrada | Arte barroco- |
| Subdivisión geográfica | España. |
| 9 (RLIN) | 10165 |
| 852 ## - LOCALIZACIÓN | |
| Ubicación | ES-MaACL |
| Número de control de estantería | L-27658 |
| Estatus retirado | Estado de pérdida | Estado de daño | No para préstamo | Biblioteca de origen | Biblioteca actual | Ubicación en estantería | Fecha de adquisición | Fuente de adquisición | Total de préstamos | Signatura topográfica completa | Código de barras | Visto por última vez | Precio de reemplazo | Tipo de ítem Koha |
|---|---|---|---|---|---|---|---|---|---|---|---|---|---|---|
| Biblioteca del Ateneo de Madrid | Biblioteca del Ateneo de Madrid | Depósito 2 | 17/01/2008 | L-27658 | 1070572 | 23/02/2023 | 23/02/2023 | Libro impreso |
